000 00897nam a22002297a 4500
999 _c20306
_d20306
003 AR-CdUCM
008 190319b ||||| |||| 00| 0 spa d
040 _aMUNICIPALIDAD PROVINCIAL DEL CUSCO
_cBIBLIOTECA MUNICIPAL DEL CUSCO
041 _heng
082 _a311 /
_bS77
100 _aSpringer, Clifford H., Herlihy, Robert I. y otros
_942443
245 _aInferencia estadística :
_bSerie de Matemáticas para la Dirección de Negocios /
260 _aMéxico :
_bUnión gráfica ,
_c1972.
300 _a414 páginas ;
_c28 cm.
505 _aContenido : Mas allá de la aritmética -- Ideas básicas de probabilidad -- Poblaciones estadísticas...
650 _aProbabilidades Matematicas
_919678
650 _aMatematica Aplicada
_919679
650 _aEstadisticas y Probabilidades
_919680
700 _aPaniagua B., Francisco (traductor)
_922593
942 _2ddc
_cLIBROS
945 _aAndy